| 000 | 01092nam a2200253Ia 4500 | ||
|---|---|---|---|
| 003 | OSt | ||
| 005 | 20220923211315.0 | ||
| 006 | a|||||r|||| 00| 0 | ||
| 007 | ta | ||
| 008 | 220922b |||||||| |||| 00| 0 hin d | ||
| 020 |
_a978818143 (hbk) _c175 |
||
| 024 | _a241,586 | ||
| 037 |
_b487, 03/03/2010, Vani Prakashan _cTextual |
||
| 040 |
_aARTS _cARTS _bhin |
||
| 041 |
_2hin _ahin |
||
| 082 | _aO157,1N62x, 152P8 | ||
| 100 |
_aनसरीन, तसलीमा; गुप्ता, सुशील, अनु. _9158275 |
||
| 245 | 0 |
_aबन्दिनी _b दिल्ली के सेफ़ - हाउस में लिखी गयी कविताएॅं |
|
| 246 | _aBandinī: dillī ke seफ़ - hāus mean likhī gayī kavitāeॅan | ||
| 260 |
_aनयी दिल्ली _b वाणी प्रकाशन _c2008 |
||
| 300 |
_a112पृ. _ccm. |
||
| 942 |
_hO157,1N62x, 152P8 _cTEXL _2CC |
||
| 999 |
_c298329 _d298329 |
||